| 000 | 00771nam a2200253Ia 4500 | ||
|---|---|---|---|
| 003 | OSt | ||
| 005 | 20220926010010.0 | ||
| 006 | a|||||r|||| 00| 0 | ||
| 007 | ta | ||
| 008 | 220923b |||||||| |||| 00| 0 eng d | ||
| 037 | _cGeneral Book | ||
| 040 |
_aRTL _cRTL _beng |
||
| 041 |
_2eng _aeng |
||
| 082 | _aT4:2(X5).2.N8, M9/GD | ||
| 110 |
_aUniversity Grants Commission _991664 |
||
| 245 | 0 | _aReport of the curriculum development centre in com | |
| 260 |
_a New Delhi _bU G C India _c1989 |
||
| 300 |
_a370p _ccm. |
||
| 490 | _aCurriculum Development Centre Publication | ||
| 650 | _aUniversity Education | ||
| 700 |
_aUniversity Grants Commission _991665 |
||
| 942 |
_hT4:2(X5).2.N8, M9/GD _cGB _2CC |
||
| 999 |
_c616065 _d616065 |
||